Normal view MARC view

Entry Personal Name

Number of records used in: 1

001 - CONTROL NUMBER

  • control field: 75474

003 - CONTROL NUMBER IDENTIFIER

  • control field: dpl

005 - DATE AND TIME OF LATEST TRANSACTION

  • control field: 20241219174318.0

008 - FIXED-LENGTH DATA ELEMENTS

  • fixed length control field: 241219|| aca||aabn | a|a d

040 ## - CATALOGING SOURCE

  • Original cataloging agency: dpl
  • Transcribing agency: dpl

100 ## - HEADING--PERSONAL NAME

  • Personal name: यादव, रमाशंकर

670 ## - SOURCE DATA FOUND

  • Source citation: Work cat.: (dpl)207846: यादव, रमाशंकर, गोविन्द बल्लभ पंत/, 2024

© Delhi Public Library
Hit Counter
free hit counter